Countries of Europe Quiz - dark mode - Statistics

General Stats
  • This quiz has been taken 126 times
  • The average score is 41 of 45
Answers on the Map
Answers color-coded by a green-red scale on the quiz's map according to % correct below.
 
Answer Stats
Country % Correct
Finland
98%
Germany
97%
Sweden
97%
Russia
96%
France
95%
Italy
95%
Norway
95%
Poland
95%
Portugal
95%
Romania
95%
Spain
95%
United Kingdom
95%
Belarus
94%
Estonia
94%
Greece
94%
Ukraine
94%
Austria
93%
Belgium
93%
Ireland
93%
Latvia
93%
Netherlands
93%
Luxembourg
92%
Slovakia
92%
Slovenia
92%
Bulgaria
91%
Iceland
91%
Liechtenstein
91%
Switzerland
91%
Denmark
90%
Albania
89%
Croatia
89%
Czech Republic
89%
Lithuania
89%
Malta
89%
Bosnia and Herzegovina
88%
Hungary
88%
Moldova
88%
Vatican City
88%
Andorra
87%
Monaco
87%
San Marino
87%
Kosovo
86%
Serbia
86%
Montenegro
85%
North Macedonia
85%
No matching quizzes found
Score Distribution
Percent of People with Each Score
Percentile by Number Answered
Your Score History
You have not taken this quiz